Professor / (Record no. 46898)

MARC details
000 -LEADER
fixed length control field 01037njm a22002897a 4500
005 - DATE AND TIME OF LATEST TRANSACTION
control field 20100920103758.0
007 - PHYSICAL DESCRIPTION FIXED FIELD--GENERAL INFORMATION
fixed length control field sd ammalaaahaa
008 - FIXED-LENGTH DATA ELEMENTS--GENERAL INFORMATION
fixed length control field 100910t xxu||||| |||| 00| 0 eng d
028 ## - PUBLISHER NUMBER
Publisher number 3AEX. 5024
Source Odeon
035 ## - SYSTEM CONTROL NUMBER
System control number GR-03809
040 ## - CATALOGING SOURCE
Original cataloging agency SED
Transcribing agency SED
100 ## - MAIN ENTRY--PERSONAL NAME
Personal name Rafi, Mohd.
9 (RLIN) 19365
245 ## - TITLE STATEMENT
Title Professor /
Statement of responsibility, etc sung by Mohd. Rafi...[et.al] ; music Shankar Jaikishan; lyric
Medium [sound recording] :
246 ## - VARYING FORM OF TITLE
Title proper/short title Professor (Mohd Rafi)
260 ## - PUBLICATION, DISTRIBUTION, ETC. (IMPRINT)
Place of publication, distribution, etc Dum Dum India
Name of publisher, distributor, etc Odeon
Date of publication, distribution, etc 1963
300 ## - PHYSICAL DESCRIPTION
Extent 1 sound disc [Gramophone Recording] :
Other physical details analog, 33 1/3 rpm ;
Dimensions 12 in. (SP)
Type of unit Gramaphone Records
500 ## - GENERAL NOTE
General note Brief record.
500 ## - GENERAL NOTE
General note Record Lebels : Odeon, Black
505 ## - FORMATTED CONTENTS NOTE
Formatted contents note Side-1 O gulbadan, Side-2 Kal ki daulat aaj ki khushiyan
600 ## - SUBJECT ADDED ENTRY--PERSONAL NAME
Personal name Bhosle, Asha
9 (RLIN) 19611
650 ## - SUBJECT ADDED ENTRY--TOPICAL TERM
Source of heading or term Excerpts.
Topical term or geographic name as entry element Classical Music
Topical term following geographic name as entry element India
9 (RLIN) 19366
Form subdivision Film song
700 ## - ADDED ENTRY--PERSONAL NAME
Personal name Shankar Jaikishan
9 (RLIN) 19421
700 ## - ADDED ENTRY--PERSONAL NAME
9 (RLIN) 19612
700 ## - ADDED ENTRY--PERSONAL NAME
9 (RLIN) 19613
942 ## - ADDED ENTRY ELEMENTS (KOHA)
Source of classification or shelving scheme Dewey Decimal Classification
Item type Gramaphone Records
Holdings
Withdrawn status Lost status Source of classification or shelving scheme Damaged status Not for loan Collection code Home library Current library Date acquired Source of acquisition Total Checkouts Barcode Date last seen Copy number Price effective from Koha item type
    Dewey Decimal Classification   Not For Loan Non-fiction Central Library Central Library 20/09/2010 SED/VEN   GR-03809 20/09/2010 1 20/09/2010 Gramaphone Records

© Delhi Public Library
Hit Counter
free hit counter